=LDR 00000nam 2200000 4500 =001 INLIS000000000034028 =005 20130612135940 =008 ***********************************ind** =035 ##$$0010-061300000034028 =041 ##$$a ind =082 ##$$a 959.8 =090 ##$$a 959.8, Ric s =100 ##$$a Ricklefs, Mc =245 ##$$a Sejarah Indonesia modern/Mc. Ricklefs; Penerjemah, Drs. Dharmono Hardjo Widjono =260 ##$$a 2007 $b Yogyakarta =300 ##$$a xiv,501 hlm., Ilus., 21 cm =650 ##$$a Sejarah Indonesia =700 ##$$a Harjowijono, Dharmono =850 ##$$a NBPNMAT